| 000 | 00976nam a22002897a 4500 | ||
|---|---|---|---|
| 001 | 7275 | ||
| 003 | FISKH | ||
| 005 | 20250707110508.0 | ||
| 008 | 250707b cb ||||| |||| 00| 0 eng d | ||
| 020 | _a033500128912 | ||
| 040 |
_aFISKH _beng _cFISKH _dFISKH |
||
| 050 | _aPZ7 | ||
| 082 | _a 470 | ||
| 100 | _aPoulsen, Alan | ||
| 245 |
_aPooh Freezy Breezy fun / _cby Allan Poulsen ; Illustrated by Kim Taymond |
||
| 260 |
_aNew York ; _bA Golden Book, _c2000. |
||
| 300 |
_a24 unnumbered pages : _bcolor illustrations ; _c21 cm |
||
| 490 |
_aGolden book : _vPlus cool activities |
||
| 505 | _aE | ||
| 520 | _aPooh and his friends work together to build the biggest and best snowman ever. The story is followed by ideas for wintertime crafts and activities. | ||
| 521 | 8 |
_a200
_bLexile estimate |
|
| 521 | 8 |
_aE
_bRaz-Plus |
|
| 650 |
_aWinnie the Pooh _vWinter _xSnowman |
||
| 700 |
_aTaymond, Kim _eillustrator |
||
| 942 |
_2ddc _cBK _n0 |
||
| 999 |
_c7275 _d7275 |
||